महान वैज्ञानिक आइजक न्यूटन / (Record no. 11207)

MARC details
000 -LEADER
fixed length control field 01142 a2200217 4500
005 - DATE AND TIME OF LATEST TRANSACTION
control field 20080902111918.0
008 - FIXED-LENGTH DATA ELEMENTS--GENERAL INFORMATION
fixed length control field 080902t xxu||||| |||| 00| 0 hin d
010 ## - LIBRARY OF CONGRESS CONTROL NUMBER
LC control number HIN-82871
020 ## - INTERNATIONAL STANDARD BOOK NUMBER
Terms of availability 100.00
International Standard Book Number 9788190504942
035 ## - SYSTEM CONTROL NUMBER
System control number HN-55217
037 ## - SOURCE OF ACQUISITION
Source of stock number/acquisition पु.प्र.अ.प्र/प्रका
082 ## - DEWEY DECIMAL CLASSIFICATION NUMBER
Classification number 509.2
100 ## - MAIN ENTRY--PERSONAL NAME
Personal name त्रिपाठी, जगदीश
245 ## - TITLE STATEMENT
Title महान वैज्ञानिक आइजक न्यूटन /
Statement of responsibility, etc जगदीश त्रिपाठी
246 ## - VARYING FORM OF TITLE
Title proper/short title Mahan vaigyanik Issac Newton
Remainder of title by Jagdish Tripathy
260 ## - PUBLICATION, DISTRIBUTION, ETC. (IMPRINT)
Place of publication, distribution, etc कानपुर
Name of publisher, distributor, etc आशा प्रकाशन
Date of publication, distribution, etc 2007
270 ## - ADDRESS
Address 118/390, कौशलपुरी
City कानपुर
Postal code 208012
Telephone number 09935017105
300 ## - PHYSICAL DESCRIPTION
Extent 80पृ
Dimensions 22 सेमी (सजिल्द)
Other physical details सचित्र
942 ## - ADDED ENTRY ELEMENTS (KOHA)
Institution code [OBSOLETE] dpl
Koha item type Hindi Books
Call number prefix 509.2 / त्रिपाठी
Source of classification or shelving scheme Dewey Decimal Classification
Classification part 509.2
Call number suffix त्रिपाठी
Holdings
Withdrawn status Lost status Damaged status Not for loan Collection code Home library Current library Date acquired Cost, normal purchase price Total Checkouts Full call number Barcode Date last seen Copy number Uniform Resource Identifier Cost, replacement price Price effective from Koha item type
      Not For Loan Non-fiction D.B.Act.Division D.B.Act.Division 02/09/2008 100.00   509.2 त्रिपाठी HN-55217 15/09/2008 1 12315 100.00 15/09/2008 Hindi Books

© Delhi Public Library
Hit Counter
free hit counter